[Event "Mistrzostwa Polski Niewidomych"]
[Site "Jastrzebia Gora"]
[Date "2010.06.17"]
[Round "10.1"]
[White "Kulpinski, Piotr"]
[Black "Falkowski, Dawid"]
[Result "0-1"]
[WhiteElo "2048"]
[BlackElo "2116"]
[PlyCount "64"]
[EventDate "2010.??.??"]

1. Nf3 Nf6 2. c4 d5 3. cxd5 Nxd5 4. Nc3 c5 5. g3 b6 6. Qa4+ Bd7 7. Qb3 Nxc3 8.
bxc3 Bc6 9. Bg2 e6 10. O-O Be7 11. Rd1 Qc7 12. d4 Nd7 13. Bf4 Qb7 14. a4 a6 15.
Rab1 O-O 16. dxc5 Nxc5 17. Qxb6 Qxb6 18. Rxb6 Bxa4 19. Ra1 Rac8 20. Ne5 Bf6 21.
Ra3 Bb5 22. c4 Bxe5 23. cxb5 Bxf4 24. gxf4 axb5 25. Rxb5 Nd7 26. Rb1 Rc2 27.
Bf3 Nc5 28. Ra7 Rc8 29. Rc7 Na6 30. Rxc2 Rxc2 31. Ra1 Nc7 32. Ra7 g6 0-1

[Event "Mistrzostwa Polski Niewidomych"]
[Site "Jastrzebia Gora"]
[Date "2010.06.17"]
[Round "10.2"]
[White "Pawelec, Bartosz"]
[Black "Stachanczyk, Jacek"]
[Result "0-1"]
[WhiteElo "2045"]
[BlackElo "2238"]
[PlyCount "110"]
[EventDate "2010.??.??"]

1. e4 c5 2. c3 Nf6 3. e5 Nd5 4. d4 cxd4 5. cxd4 Nc6 6. Nc3 e6 7. Nf3 d6 8. exd6
Bxd6 9. Bd3 Nf6 10. O-O O-O 11. Bg5 h6 12. Bh4 Be7 13. Bg3 b6 14. Ne2 Bb7 15.
Rc1 Nb4 16. Bc7 Qe8 17. Bb1 Bxf3 18. gxf3 Qb5 19. Kh1 Rac8 20. Nc3 Qh5 21. Ne4
Nfd5 22. Ng3 Qg5 23. Ne4 Qh5 24. Ng3 Qh4 25. a3 Nxc7 26. axb4 Nd5 27. Qd3 g6
28. b5 Rxc1 29. Rxc1 Bd6 30. Qe4 Qh3 31. Qg4 Qxg4 32. fxg4 Bxg3 33. hxg3 Rd8
34. Kg2 Rd7 35. Rc4 Nc7 36. Be4 Nxb5 37. Rc8+ Kg7 38. Bc6 Rc7 39. Rxc7 Nxc7 40.
f4 Kf6 41. Kf3 Ke7 42. Ke4 Kd6 43. Bb7 Ne8 44. Kd3 f5 45. Bf3 Nf6 46. gxf5 exf5
47. Ke3 a5 48. Kd3 b5 49. Ke3 a4 50. Be2 b4 51. Bc4 a3 52. bxa3 bxa3 53. Kd3
Nh5 54. Kc3 Nxg3 55. Kb3 h5 0-1

[Event "Mistrzostwa Polski Niewidomych"]
[Site "Jastrzebia Gora"]
[Date "2010.06.17"]
[Round "10.3"]
[White "Mackowiak, Marek"]
[Black "Gunajew, Rafal"]
[Result "0-1"]
[WhiteElo "2239"]
[BlackElo "2270"]
[PlyCount "114"]
[EventDate "2010.??.??"]

1. Nf3 g6 2. d4 Nf6 3. c4 c6 4. Nc3 d5 5. cxd5 cxd5 6. Qb3 Bg7 7. Bg5 e6 8. e4
dxe4 9. Nxe4 Qa5+ 10. Bd2 Qd5 11. Qxd5 Nxd5 12. Nd6+ Ke7 13. Nxc8+ Rxc8 14. Bd3
Nc6 15. Ke2 Nxd4+ 16. Nxd4 Bxd4 17. Rab1 Rd8 18. Rhd1 Rac8 19. g3 h5 20. h4 a6
21. a4 Rd7 22. Be1 Be5 23. f4 Bd6 24. Be4 Nf6 25. Bf3 b5 26. axb5 axb5 27. Rbc1
Rdc7 28. Rxc7+ Rxc7 29. Bc3 Nd7 30. Rd4 Bc5 31. Rd1 b4 32. Bd2 Bd6 33. Rc1 Rxc1
34. Bxc1 Bc5 35. Bd2 Nb6 36. Kd3 Kd6 37. g4 hxg4 38. Bxg4 Nd5 39. Bf3 Bf2 40.
h5 gxh5 41. Bxh5 f5 42. Kc4 Bg3 43. Bxb4+ Nxb4 44. Kxb4 Bxf4 45. Kc4 e5 46. b4
Be3 47. Bg6 Ke6 48. Bh7 e4 49. Kc3 Ke5 50. Kc2 f4 51. Kd1 f3 52. b5 Bb6 53. Bg6
Kd4 54. Bh5 Ke3 55. Ke1 Kf4 56. Bf7 e3 57. Bc4 Ke4 0-1

[Event "Mistrzostwa Polski Niewidomych"]
[Site "Jastrzebia Gora"]
[Date "2010.06.17"]
[Round "10.4"]
[White "Dukaczewski, Piotr"]
[Black "Zoltek, Tadeusz"]
[Result "1-0"]
[WhiteElo "2317"]
[BlackElo "2197"]
[PlyCount "45"]
[EventDate "2010.??.??"]

1. e4 e6 2. d4 d5 3. Nc3 Nf6 4. e5 Nfd7 5. Nf3 c5 6. dxc5 Nc6 7. Bf4 Bxc5 8.
Bd3 Be7 9. Qe2 a6 10. h4 Nc5 11. h5 Qb6 12. O-O-O Bd7 13. h6 g6 14. Kb1 Nxd3
15. Rxd3 Nb4 16. Rdd1 Rc8 17. Qd2 Rc7 18. Bg5 Bxg5 19. Nxg5 Rc4 20. a3 Nxc2 21.
Qxc2 d4 22. Nge4 Ke7 23. Qd2 1-0

[Event "Mistrzostwa Polski Niewidomych"]
[Site "Jastrzebia Gora"]
[Date "2010.06.17"]
[Round "10.5"]
[White "Migala, Andrzej"]
[Black "Chojnowski, Marcin"]
[Result "1/2-1/2"]
[WhiteElo "2119"]
[BlackElo "2130"]
[PlyCount "60"]
[EventDate "2010.??.??"]

1. e4 c6 2. d4 d5 3. exd5 cxd5 4. Bd3 Nc6 5. c3 Nf6 6. Bf4 Bg4 7. Nf3 e6 8. O-O
Bd6 9. Bxd6 Qxd6 10. Nbd2 O-O 11. Re1 a6 12. h3 Bh5 13. Nf1 Rac8 14. Ng3 Bg6
15. Bxg6 hxg6 16. Ne5 Qc7 17. Qe2 Nxe5 18. dxe5 Nd7 19. Rad1 Qc4 20. Qxc4 Rxc4
21. Ne4 Rc6 22. Nd2 Nc5 23. Nf3 Na4 24. Rd2 Rfc8 25. Nd4 R6c7 26. Ree2 Nb6 27.
Rd1 Nc4 28. g3 Na5 29. Kg2 Rc4 30. f4 b5 1/2-1/2

[Event "Mistrzostwa Polski Niewidomych"]
[Site "Jastrzebia Gora"]
[Date "2010.06.17"]
[Round "10.6"]
[White "Suder, Ryszard"]
[Black "Stolarczyk, Anna"]
[Result "1/2-1/2"]
[WhiteElo "2194"]
[BlackElo "2106"]
[PlyCount "68"]
[EventDate "2010.??.??"]

1. Nf3 g6 2. e4 Bg7 3. d4 d6 4. Nc3 c6 5. Be2 Nd7 6. O-O Ngf6 7. a4 O-O 8. h3
e5 9. dxe5 Nxe5 10. Nxe5 dxe5 11. Qxd8 Rxd8 12. Be3 Be6 13. Rfd1 Rxd1+ 14. Rxd1
Kf8 15. f3 Ke8 16. Kf2 Bf8 17. Nb1 Nd7 18. Nd2 Bc5 19. Bc4 Ke7 20. Bxe6 Kxe6
21. Nc4 Bxe3+ 22. Kxe3 Rb8 23. a5 a6 24. b3 f6 25. g3 Nf8 26. f4 Nd7 27. f5+
Ke7 28. g4 Rd8 29. Rd6 Nc5 30. Rxd8 Kxd8 31. b4 Nd7 32. Nd6 g5 33. Nxb7+ Kc7
34. Nc5 Nxc5 1/2-1/2

[Event "Mistrzostwa Polski Niewidomych"]
[Site "Jastrzebia Gora"]
[Date "2010.06.18"]
[Round "11.1"]
[White "Stolarczyk, Anna"]
[Black "Kulpinski, Piotr"]
[Result "1/2-1/2"]
[WhiteElo "2106"]
[BlackElo "2048"]
[PlyCount "64"]
[EventDate "2010.??.??"]

1. d4 d5 2. Nf3 Nf6 3. g3 c6 4. Bg2 e6 5. O-O Nbd7 6. Nbd2 Be7 7. Re1 O-O 8. c3
b6 9. e4 dxe4 10. Nxe4 Nxe4 11. Rxe4 Nf6 12. Re1 Bb7 13. Qc2 c5 14. dxc5 Bxc5
15. Be3 Bxe3 16. Rxe3 Qc7 17. Rd1 Rad8 18. Ree1 Rxd1 19. Rxd1 Rd8 20. Rxd8+
Qxd8 21. Qd2 Qxd2 22. Nxd2 Bxg2 23. Kxg2 Kf8 24. f4 Ke7 25. Kf3 Kd6 26. h3 h6
27. Ke3 Nd5+ 28. Kd4 f6 29. Ne4+ Kc6 30. Nd2 Kd6 31. Ne4+ Kc6 32. Nd2 Kd6
1/2-1/2

[Event "Mistrzostwa Polski Niewidomych"]
[Site "Jastrzebia Gora"]
[Date "2010.06.18"]
[Round "11.3"]
[White "Zoltek, Tadeusz"]
[Black "Migala, Andrzej"]
[Result "1/2-1/2"]
[WhiteElo "2197"]
[BlackElo "2119"]
[PlyCount "60"]
[EventDate "2010.??.??"]

1. d4 d5 2. Nf3 Nf6 3. c4 c6 4. cxd5 cxd5 5. Nc3 Nc6 6. Bf4 a6 7. e3 Bf5 8. Bd3
Bxd3 9. Qxd3 e6 10. O-O Bd6 11. Bxd6 Qxd6 12. a3 O-O 13. h3 h6 14. b4 b5 15.
Rac1 Rac8 16. Rc2 Rc7 17. Rfc1 Rfc8 18. Ne2 Ne7 19. Nd2 Nd7 20. Rxc7 Rxc7 21.
Rxc7 Qxc7 22. Qc3 Qxc3 23. Nxc3 Nc6 24. Kf1 Kf8 25. Ke2 Ke7 26. Kd3 Kd6 27. Nb3
Nb6 28. Nc5 Nb8 29. Nb7+ Kc7 30. Nc5 Kd6 1/2-1/2

[Event "Mistrzostwa Polski Niewidomych"]
[Site "Jastrzebia Gora"]
[Date "2010.06.18"]
[Round "11.4"]
[White "Gunajew, Rafal"]
[Black "Dukaczewski, Piotr"]
[Result "1-0"]
[WhiteElo "2270"]
[BlackElo "2317"]
[PlyCount "79"]
[EventDate "2010.??.??"]

1. e4 e5 2. Nf3 Nf6 3. Nc3 Nc6 4. Bb5 Bb4 5. d3 d6 6. O-O O-O 7. Bg5 Bxc3 8.
bxc3 Bg4 9. h3 Bh5 10. g4 Bg6 11. Nh4 h6 12. Be3 Nxe4 13. Nxg6 Nxc3 14. Qd2
Nxb5 15. Nxf8 Nbd4 16. f4 Qxf8 17. f5 Nd8 18. c3 N4c6 19. f6 Kh7 20. fxg7 Qxg7
21. Rf5 Ne7 22. Bxh6 Qxh6 23. Rh5 Qxh5 24. gxh5 Ne6 25. Qe3 f5 26. Kf2 c5 27.
Rg1 Rf8 28. Qg3 Rf7 29. c4 Nf4 30. Ke1 b6 31. a4 Kh8 32. Kd2 Kh7 33. Qf3 Ng8
34. Qc6 Nxh5 35. Qxd6 Ngf6 36. Qe6 Rd7 37. Qxf5+ Kh8 38. Qxe5 Kh7 39. Qf5+ Kh8
40. Rg5 1-0

[Event "Mistrzostwa Polski Niewidomych"]
[Site "Jastrzebia Gora"]
[Date "2010.06.18"]
[Round "11.5"]
[White "Stachanczyk, Jacek"]
[Black "Mackowiak, Marek"]
[Result "1-0"]
[WhiteElo "2238"]
[BlackElo "2239"]
[PlyCount "47"]
[EventDate "2010.??.??"]

1. e4 d6 2. d4 g6 3. Nc3 Bg7 4. f4 a6 5. Nf3 Nf6 6. Bd3 b5 7. e5 Nfd7 8. a4 c5
9. Be4 Ra7 10. axb5 O-O 11. Be3 Qb6 12. dxc5 dxc5 13. O-O axb5 14. Rxa7 Qxa7
15. Nxb5 Qb6 16. Bd3 f6 17. Bc4+ e6 18. Nd6 h6 19. Bxe6+ Kh7 20. f5 Ba6 21. c4
fxe5 22. fxg6+ Kxg6 23. Nh4+ Kh7 24. Qd3+ 1-0

[Event "Mistrzostwa Polski Niewidomych"]
[Site "Jastrzebia Gora"]
[Date "2010.06.18"]
[Round "11.6"]
[White "Falkowski, Dawid"]
[Black "Pawelec, Bartosz"]
[Result "1/2-1/2"]
[WhiteElo "2116"]
[BlackElo "2045"]
[PlyCount "64"]
[EventDate "2010.??.??"]

1. e4 e6 2. d4 d5 3. Nc3 dxe4 4. Nxe4 Nf6 5. Bd3 Nbd7 6. Ne2 c5 7. O-O Be7 8.
c3 O-O 9. Re1 cxd4 10. Nxd4 Nxe4 11. Bxe4 Nf6 12. Bc2 Qd5 13. Bf4 Qh5 14. Qd3
Nd5 15. Bg3 Bh4 16. Re5 Qh6 17. Qxh7+ Qxh7 18. Bxh7+ Kxh7 19. Bxh4 Bd7 20. Rd1
Nf4 21. Rc5 Rfc8 22. Rxc8 Rxc8 23. Nf3 Bc6 24. Ne5 Be8 25. Rd8 Rxd8 26. Bxd8 f6
27. Nc4 Ne2+ 28. Kf1 Nc1 29. Nd6 Bc6 30. b4 Nxa2 31. b5 Bd7 32. c4 a6 1/2-1/2